Геохимия редких элементов в углях Центральной Сибири: диссертация на соискание ученой степени доктора геолого-минералогических наук; спец. 25.00.09

Sonraí bibleagrafaíochta
Príomhchruthaitheoir: Арбузов С. И. Сергей Иванович
Údar corparáideach: Томский политехнический университет
Rannpháirtithe: Рихванов Л. П. Леонид Петрович (научный консультант)
Teanga:Rúisis
Foilsithe / Cruthaithe: Томск, [Б. и.], 2005
Ábhair:
Formáid: LEABHAR
KOHA link:https://koha.lib.tpu.ru/cgi-bin/koha/opac-detail.pl?biblionumber=78922

MARC

LEADER 00000nbm0a2200000 4500
001 78922
005 20231225093125.0
035 |a (RuTPU)RU\TPU\book\84755 
090 |a 78922 
100 |a 20050706j20050629k y0rusy50 ca 
101 0 |a rus 
102 |a RU 
105 |a a m 001zy 
200 1 |a Геохимия редких элементов в углях Центральной Сибири  |e диссертация на соискание ученой степени доктора геолого-минералогических наук  |e спец. 25.00.09  |f С. И. Арбузов  |g Томский политехнический университет ; науч. конс. Л. П. Рихванов 
210 |a Томск  |c [Б. и.]  |d 2005 
215 |a 499 л.  |c ил. 
320 |a Библиогр.: с. 471-499 (552 назв.) 
606 |a Угольные месторождения  |x Геохимия  |2 stltpush  |3 (RuTPU)RU\TPU\subj\62690  |9 79759 
610 1 |a геология 
610 1 |a месторождения 
610 1 |a полезные ископаемые 
610 1 |a уголь 
610 1 |a геохимия 
610 1 |a угольные бассейны 
610 1 |a Центральная Сибирь 
610 1 |a редкие элементы 
610 1 |a диссертации 
610 1 |a труды учёных ТПУ 
675 |a 553.94:550.4(571)(04)  |v 3 
686 |a 25.00.09  |2 oksvnk 
700 1 |a Арбузов  |b С. И.  |c российский геолог и геохимик  |c профессор Томского политехнического университета, доктор геолого-минералогических наук  |f 1959-  |g Сергей Иванович  |3 (RuTPU)RU\TPU\pers\24710  |9 10962 
702 1 |a Рихванов  |b Л. П.  |c российский ученый, геолог  |c профессор Томского политехнического университета, доктор геолого-минералогических наук  |c заслуженный геолог РФ  |c почетный работник высшего образования РФ  |f 1945-  |g Леонид Петрович  |3 (RuTPU)RU\TPU\pers\23187  |4 695 
712 0 2 |a Томский политехнический университет  |3 (RuTPU)RU\TPU\col\376 
801 1 |a RU  |b 63413507  |c 20050706  |g PSBO 
801 2 |a RU  |b 63413507  |c 20180109  |g PSBO 
942 |c BK